000 00539nam a22002057a 4500
001 00028749
005 20260413091941.0
008 260413b ag ||||| |||| 00| 0 spa d
020 _a9788447173068
040 _aAR-CcCEOS
_bspa
_cAR-CcCEOS
041 _aspa
080 _a820-3(73)
090 _bDIS
100 1 _aDisney, Walt,
_d1901-1966
_9265
245 _aAladdín /
_cDisney Walt
264 _aEspaña :
_bSalvat,
_cc2025.
300 _a228 p. ;
_c24x15 cm.
655 0 _aliteratura infantil y juvenil
_978
942 _2udc
_cBK
_n0
999 _c28784
_d28784